000 00507nam a2200193Ia 4500
008 220531s9999 xx 000 0 und d
041 _aeng
082 _a4
_bRAJ
100 _aRajaraman, V.
_969069
245 _aIntroduction To Information Technology
250 _a2ND
260 _aNew Delhi
_bPHI Learning
_c2014
300 _a372
542 _d04-09-2014
551 _aComputer Science
_bNon-grant-CS
650 _aInfo Technology
_969070
906 _d2014-2015
_f1044
999 _c38766
_d38766